Biológia pracovný zošit pre 7. ročník ZŠ a 2. ročník gymnázií s osemročným štúdiom : s využitím Planéty vedomostí 2

Bibliographic Details
Main Authors: Ružeková, Monika (Author, Editor), Ihringová, Eva (Author)
Format: Book
Language:Slovak
PhysicalDescription:134 s. fareb. fotogr. a ilustr., tab. 30 cm
Published: Bratislava Josef Raabe Slovensko c2012
ISBN:9788081400056 (brož.)
Edition:1. vyd.
Series:Nahliadnuť - nájsť
Subjects:

MARC

LEADER 00000cam a2200000 a 4500
001 vtls010519911
003 SK-MaSNL
005 20260301174358.0
008 160610s2012 xo ao b 000 0 slo
015 |a SNBA2013/07 
020 |a 9788081400056 (brož.) 
035 |a 1D673C0C-4CA0-4ADD-BB72-AA243E6D9EC5 
035 |a urn:nbn:sk:snk-amkxq0 
035 |a urn:nbn:sk:snk-am0081sa 
040 |a SNK  |b slo  |c SNK  |e AACR2 
041 0 |a slo 
044 |a xo  |c SK 
072 7 |a 57  |x Všeobecná biológia  |2 konspekt 
080 |a 57/59  |2 2001 
080 |a (075.2)  |2 2001 
080 |a (075.3)  |2 2001 
080 |a (076.1)  |2 2001 
100 1 |a Ružeková, Monika  |4 aut  |4 edt  |9 328965 
245 1 0 |a Biológia  |b pracovný zošit pre 7. ročník ZŠ a 2. ročník gymnázií s osemročným štúdiom : s využitím Planéty vedomostí  |n 2  |c [autorky: Monika Ružeková, Eva Ihringová] 
250 |a 1. vyd. 
260 |a Bratislava  |b Josef Raabe Slovensko  |c c2012 
300 |a 134 s.  |b fareb. fotogr. a ilustr., tab.  |c 30 cm 
490 1 |a Nahliadnuť - nájsť 
500 |a Názov z obalu 
650 0 7 |a biológia  |2 SNKPH  |9 689 
650 0 7 |a Biology  |2 SNKPHeng  |9 82165 
655 7 |a učebnice základných škôl  |2 SNKPH  |9 70187 
655 7 |a učebnice stredných škôl  |2 SNKPH  |9 69323 
655 7 |a pracovné zošity  |2 SNKPH  |9 70188 
655 7 |a Textbooks (elementary)  |2 SNKPHeng  |9 276977 
655 7 |a Textbooks (secondary)  |2 SNKPHeng  |9 276359 
655 7 |a Activity books  |2 SNKPHeng  |9 302885 
700 1 |a Ihringová, Eva  |4 aut  |9 328966 
830 0 |a Nahliadnuť - nájsť  |9 314477 
852 |a Štátna vedecká knižnica v Banskej Bystrici 
919 |a 978-80-8140-005-6 
999 |c 839501  |d 841431 
952 |a SNK  |b SNK  |y PREZ  |7 0  |p 17A1072909  |o snkSB 85185/2  |i snk2013/15029  |8 0  |0 0  |1 0  |4 0  |d 2013-06-28  |f 1  |l 0  |r 2025-05-09 00:00:00  |w 2026-02-24 
952 |a SNK  |b SNK  |y VYP  |7 0  |p 17A1072908  |o snkSB 85185/2 D1  |i snk2013/15030  |8 0  |0 0  |1 0  |4 0  |d 2013-06-28  |l 0  |r 2016-06-30 00:00:00  |w 2026-02-24